000
00302nam a2200145Ia 4500
100
_a
STAPLES/WALTER DOYLE
650
_a
General
942
_c
BK
366
_f
20
245
_a
Think Like A Winner
260
_b
SAKET PRAKSHAN
_a
Pune
_c
2011
082
_a
170/STA
300
_a
304
546
_a
ENGLISH
999
_c
30038
_d
30038